000
00265nam a22001217a 4500
008
180914b xxu||||| |||| 00| 0 eng d
041
_a
eng
080
_a
321
100
_a
21
101
_a
POL
245
_a
The Politics Of Madness
_c
Langg P
942
_2
udc
_c
BK
999
_c
47808
_d
47808